Sports Quiz

Random Sports or Football Quiz
Score 0/144 Timer 20:00
0 Plays Today
Year(s) Player % Correct
2014-17El Hadji Ba
93.8%
2000-06Shaun Bartlett
93.8%
2000-04Claus Jensen
93.8%
2001-06, 2011-12Jason Euell
87.5%
2003-07Hermann Hreiðarsson
87.5%
2004-07Stephan Andersen
81.3%
2000-05Mark Fish
81.3%
2000-06Jonatan Johansson
81.3%
2000-07Radostin Kishishev
81.3%
2004-07Dennis Rommedahl
81.3%
2000-01Karim Bagheri
75%
1997-02Saša Ilić
75%
1996-07Kevin Lisbie
75%
2004-07Talal El Karkouri
75%
2007-09Zheng Zhi
75%
2007-08Madjid Bougherra
68.8%
2003-04Paolo Di Canio
68.8%
2005-06Aleksei Smertin
68.8%
2008-10Deon Burton
62.5%
2001-02Jorge Costa
62.5%
2005-07Thomas Myhre
62.5%
1982-83Allan Simonsen
62.5%
2007Alexandre Song Billong
62.5%
2000-03Mathias Svensson
62.5%
2003Tahar El Khalej
62.5%
2014-15Tal Ben Haim
56.3%
2015-16Alou Diarra
56.3%
2006-08Amdy Faye
56.3%
2006-07Jimmy Floyd Hasselbaink
56.3%
2006-07Djimi Traoré
56.3%
2006-07Souleymane Diawara
50%
2012Emmanuel Frimpong
50%
2014-16Jóhann Berg Guðmundsson
50%
2019-Tomer Hemed
50%
2019-Beram Kayal
50%
1999-02Martin Pringle
50%
2005-07Gonzalo Sorondo
50%
2005-06Jonathan Spector
50%
2018Michał Żyro
50%
2015-19Patrick Bauer
43.8%
2001-04Jamal Campbell-Ryce
43.8%
2011-14Leon Cort
43.8%
2015-18Ahmed Kashi
43.8%
2015-Mouhamadou-Naby Sarr
43.8%
2007-08Sam Sodje
43.8%
1986Reuben Agboola
37.5%
2018-19Krystian Bielik
37.5%
2002-03Jesper Blomqvist
37.5%
Year(s) Player % Correct
2019-Macauley Bonne
37.5%
1950-55, 1963-65Eddie Firmani
37.5%
1955-59Peter Firmani
37.5%
2012Eggert Jónsson
37.5%
1999Antti Niemi
37.5%
2014-15Oguchi Onyewu
37.5%
1994-99Andy Petterson
37.5%
2011-14Bradley Pritchard
37.5%
2003-10Lloyd Sam
37.5%
2007-11José Vítor Semedo
37.5%
2018-Lyle Taylor
37.5%
2007-09Svetoslav Todorov
37.5%
2014-16George Țucudean
37.5%
2014-19Igor Vetokele
37.5%
2010-11Pawel Abbott
37.5%
2014-15André Bikey
37.5%
1979-82Leroy Ambrose
31.3%
2014-15Frédéric Bulot
31.3%
2014-15Yoni Buyens
31.3%
2014Francis Coquelin
31.3%
2016-19Anfernee Dijksteel
31.3%
2015-16Marko Dmitrović
31.3%
2011-14Cédric Evina
31.3%
2016Rod Fanni
31.3%
2012-13Ricardo Fuller
31.3%
2006-08Cory Gibbs
31.3%
1991-96Kim Grant
31.3%
2015-16Simon Makienok
31.3%
2006-07Omar Pouso
31.3%
2016Diego Poyet
31.3%
2016-17Jorge Teixeira
31.3%
2016Rhys Williams
31.3%
2005-11Kelly Youga
31.3%
2011-12Mikel Alonso
31.3%
2005-07Rúrik Gíslason
31.3%
2015-16Ricardo Vaz Tê
31.3%
2015-16Zakarya Bergdich
25%
2011Federico Bessone
25%
2008-09Hameur Bouazza
25%
2016-17Jordan Botaka
25%
2015-17Cristian Ceballos
25%
2014-16Reza Ghoochannejhad
25%
2009Trésor Kandol
25%
2014Anıl Koç
25%
2015Christophe Lepoint
25%
2009-11Miguel Ángel Llera
25%
2014-15Loïc Négo
25%
2014-16Piotr Parzyszek
25%
Year(s) Player % Correct
2007-11Therry Racon
25%
2016Yaya Sanogo
25%
2014Yohann Thuram-Ulien
25%
2011-13Ruben Bover
25%
2007-09Martin Christensen
25%
2016Marco Motta
25%
1991-92Leroy Rosenior
25%
2016Yun Suk-young
25%
2014Astrit Ajdarević
18.8%
1994-96Mike Ammann
18.8%
2018Ryan Blumberg
18.8%
1970-72Dietmar Bruck
18.8%
1952-57Ken Chamberlain
18.8%
2016-17Adam Chicksen
18.8%
2007-10Chris Dickson
18.8%
1995Tom Henning Hovi
18.8%
1951Hasse Jeppson
18.8%
1931-32Gerrit Keizer
18.8%
2012-13Salim Kerkar
18.8%
1950-62Stuart Leary
18.8%
2017-19Mark Marshall
18.8%
1999-00Mark McCammon
18.8%
2014-16Franck Moussa
18.8%
2007-10Yassin Moutaouakil
18.8%
2012Dany N'Guessan
18.8%
1947-57Syd O'Linn
18.8%
1953Ron Oosthuizen
18.8%
2014Davide Petrucci
18.8%
2012Abdul Razak
18.8%
2016-17Fredrik Ulvestad
18.8%
2015Miloš Veljković
18.8%
2012-13Semi Ajayi
18.8%
2005-06Gonçalo Brandão
18.8%
2012-14Dorian Dervite
12.5%
1962-65Cliff Durandt
12.5%
2011-14Yann Kermorgant
12.5%
1949-50Norman Nielson
12.5%
2013Florent Rouamba
12.5%
1998-99Emeka Ifejiagwa
12.5%
2009Carl Ikeme
6.3%
1979-80Viggo Jacobsen
6.3%
1920-21Alf Kingsley
6.3%
1979-81Johnny Østergaard
6.3%
1960-66Brian Tocknell
6.3%
1948-53Albert Uytenbogaardt
6.3%
2000-01Steve Barbé
6.3%
1948-51Dudley Forbes
0%
1967-72Luciano Masiello
0%

You're not logged in!

Compare scores with friends on all Sporcle quizzes.
OR
Log In

Sporcle TV

Today on Sporcle TV


Watch our educational content, quiz creation guides, and fun videos on Sporcle TV.

Show Comments

Extras

Top Quizzes Today


Score Distribution

Paid Content

Your Account Isn't Verified!

In order to create a playlist on Sporcle, you need to verify the email address you used during registration. Go to your Sporcle Settings to finish the process.

Report this User

Report this user for behavior that violates our Community Guidelines.

Details: